[Event "Vienna Advent op"]
[Site "Vienna"]
[Date "2023.12.14"]
[Round "4"]
[White "Wickramasinghe, Nathaniel"]
[Black "Stanivukovic, Drago"]
[Result "1-0"]
[WhiteElo "1863"]
[BlackElo "1849"]
[PlyCount "143"]
[EventDate "2023.12.11"]
[EventType "swiss"]
[EventRounds "7"]
[EventCountry "AUT"]
[SourceTitle "CB51_2023"]
[SourceDate "2023.12.20"]
[SourceVersion "1"]
[SourceVersionDate "2023.12.20"]
[SourceQuality "1"]

1. e4 g6 2. d4 Bg7 3. Nc3 d6 4. Be3 Nf6 5. Qd2 0-0 6. 0-0-0 c6 7. Bh6 Bxh6 8. Qxh6 Ng4 9. Qd2 b5 10. h3 Nf6 11. Bd3 Nbd7 12. f4 e5 13. dxe5 dxe5 14. Nf3 Qc7 15. g3 Re8 16. Rde1 Bb7 17. Rhf1 Rad8 18. f5 Kg7 19. g4 Nc5 20. Qg5 Rxd3 21. cxd3 Nxd3+ 22. Kb1 Nxe1 23. Nxe1 Qd6 24. fxg6 fxg6 25. Qe3 b4 26. g5 Nh5 27. Ne2 c5 28. Nd3 Ba6 29. Rd1 Rc8 30. Nf2 Qe7 31. h4 Bxe2 32. Qxe2 Nf4 33. Qc4 Rc7 34. Ng4 Qe6 35. Qxe6 Nxe6 36. Nxe5 Nd4 37. Nd3 Nf3 38. Nf4 Re7 39. Rd3 Nd4 40. Re3 a5 41. Nd5 Re5 42. Nb6 Re6 43. Nc4 a4 44. a3 b3 45. Kc1 h5 46. Kd2 Kf7 47. Kd3 Nc6 48. e5 Nd4 49. Nd6+ Ke7 50. Kc4 Nc2 51. Re2 Nd4 52. Re4 Nf3 53. Kd5 Kd7 54. Nc4 Re8 55. Kxc5 Ke6 56. Kb4 Kd5 57. Rf4 Rb8+ 58. Kc3 Nxe5 59. Nxe5 Kxe5 60. Rxa4 Rf8 61. Kxb3 Rf3+ 62. Ka2 Rg3 63. Rb4 Rg4 64. Kb3 Kd5 65. Ka4 Kc6 66. b3 Rg1 67. Rc4+ Kb6 68. Kb4 Rg4 69. a4 Kb7 70. Kc5 Rg3 71. b4 Rg4 72. Rxg4 1-0

[Event "AUT-ch Seniors 50"]
[Site "Vienna"]
[Date "2023.05.20"]
[Round "6"]
[White "Stanivukovic, Drago"]
[Black "Rumpf, Werner"]
[Result "1-0"]
[WhiteElo "1875"]
[BlackElo "1887"]
[PlyCount "105"]
[EventDate "2023.05.15"]
[EventType "swiss"]
[EventRounds "7"]
[EventCountry "AUT"]
[SourceTitle "CBM 214 Extra"]
[Source "ChessBase"]
[SourceDate "2023.07.31"]
[SourceVersion "1"]
[SourceVersionDate "2023.07.31"]
[SourceQuality "1"]

1. e4 e5 2. Nf3 Nc6 3. Bc4 Nf6 4. d3 Be7 5. a3 0-0 6. Nc3 d6 7. h3 Na5 8. Ba2 c5 9. Be3 Nc6 10. Nd5 Nxd5 11. Bxd5 Be6 12. c3 h6 13. b4 Bxd5 14. exd5 Nb8 15. bxc5 dxc5 16. Qb3 Nd7 17. 0-0 Nb6 18. c4 Bd6 19. a4 Rb8 20. a5 Nd7 21. Nd2 f5 22. f4 Qh4 23. Qd1 exf4 24. Bf2 Qf6 25. Nf3 Ne5 26. Nxe5 Bxe5 27. d4 cxd4 28. Qd3 Rbc8 29. Rfd1 f3 30. gxf3 Qg5+ 31. Kf1 Qf4 32. Re1 Qh2 33. Rxe5 Qxe5 34. Bxd4 Qg3 35. Ra2 Rce8 36. Bc3 Qxh3+ 37. Rg2 Qh1+ 38. Kf2 Qh4+ 39. Kg1 Rf7 40. d6 Re1+ 41. Bxe1 Qxe1+ 42. Qf1 Qxa5 43. Qd1 Qc5+ 44. Kh1 Rd7 45. Rd2 Qxc4 46. Rd4 Qe6 47. Qd3 a6 48. Kg2 b5 49. Kf2 b4 50. Qxa6 b3 51. Qb6 b2 52. Qxb2 Rxd6 53. Qb8+ 1-0

[Event "AUT-ch Seniors 50"]
[Site "Vienna"]
[Date "2023.05.16"]
[Round "2"]
[White "Stanivukovic, Drago"]
[Black "Kummer, Helmut"]
[Result "0-1"]
[WhiteElo "1875"]
[BlackElo "2214"]
[PlyCount "104"]
[EventDate "2023.05.15"]
[EventType "swiss"]
[EventRounds "7"]
[EventCountry "AUT"]
[SourceTitle "CBM 214 Extra"]
[Source "ChessBase"]
[SourceDate "2023.07.31"]
[SourceVersion "1"]
[SourceVersionDate "2023.07.31"]
[SourceQuality "1"]

1. e4 e5 2. Nf3 Nc6 3. Bb5 a6 4. Ba4 Nf6 5. d3 d6 6. h3 Be7 7. Bxc6+ bxc6 8. 0-0 c5 9. c4 0-0 10. Nc3 Bd7 11. Bg5 c6 12. Qd2 Ne8 13. Bxe7 Qxe7 14. g4 Nc7 15. Ne2 h5 16. gxh5 Bxh3 17. Kh2 Bxf1 18. Rxf1 f5 19. Ng5 f4 20. Rg1 Ne6 21. Nf3 Rf6 22. Kg2 Rh6 23. Rh1 Qf7 24. Qa5 Rxh5 25. Rxh5 Qxh5 26. Neg1 Rf8 27. Qxa6 Rf6 28. Qxc6 Rg6+ 29. Kf1 Nd4 30. Qe8+ Kh7 31. Qxg6+ Qxg6 32. Nxd4 cxd4 33. b4 Qe8 34. b5 Qa8 35. Nf3 Qxa2 36. c5 dxc5 37. Nxe5 Qb1+ 38. Ke2 Qxb5 39. Kf3 g5 40. Kg4 c4 41. Nxc4 Qxc4 42. dxc4 d3 43. Kxg5 d2 44. Kxf4 d1Q 45. Ke5 Kg6 46. f4 Kf7 47. c5 Qd7 48. f5 Ke7 49. Kf4 Qc7+ 50. e5 Qxc5 51. Ke4 Qc4+ 52. Ke3 Qg4 0-1

[Event "Vienna Silvester op-A"]
[Site "Vienna"]
[Date "2022.01.01"]
[Round "6"]
[White "Stanivukovic, Drago"]
[Black "Bytyqi, Kujtim"]
[Result "1-0"]
[WhiteElo "1905"]
[BlackElo "1904"]
[PlyCount "77"]
[EventDate "2021.12.27"]
[EventType "swiss"]
[EventRounds "7"]
[EventCountry "AUT"]
[SourceTitle "EXT 2023"]
[Source "ChessBase"]
[SourceDate "2022.10.05"]
[SourceVersion "1"]
[SourceVersionDate "2022.10.05"]
[SourceQuality "1"]

1. d4 Nf6 2. c4 c5 3. d5 e6 4. Nc3 exd5 5. cxd5 d6 6. e4 g6 7. f3 Bg7 8. Be3 0-0 9. Qd2 Re8 10. g4 a6 11. h4 b5 12. h5 b4 13. Nd1 Bxg4 14. hxg6 fxg6 15. fxg4 Nxe4 16. Qh2 Nd7 17. Qxh7+ Kf7 18. Qh3 Nef6 19. g5 Nh5 20. Qf3+ Kg8 21. Rxh5 Ne5 22. Qe2 gxh5 23. Bh3 Qa5 24. Be6+ Kf8 25. g6 Rxe6 26. dxe6 Ke7 27. Bg5+ Kxe6 28. Nf3 Re8 29. Nxe5 Bxe5 30. Qxh5 Kd7 31. g7 Bxg7+ 32. Ne3 c4 33. Qf7+ Kc6 34. Qxe8+ Kc5 35. Qc8+ Kd4 36. Rd1+ Ke4 37. Qc6+ d5 38. Qg6+ Kf3 39. Qf5+ 1-0

[Event "Vienna Silvester op-A"]
[Site "Vienna"]
[Date "2021.12.28"]
[Round "2"]
[White "Stanivukovic, Drago"]
[Black "Schmuecker, Markus"]
[Result "1-0"]
[WhiteElo "1905"]
[BlackElo "1829"]
[PlyCount "109"]
[EventDate "2021.12.27"]
[EventType "swiss"]
[EventRounds "7"]
[EventCountry "AUT"]
[SourceTitle "EXT 2023"]
[Source "ChessBase"]
[SourceDate "2022.10.05"]
[SourceVersion "1"]
[SourceVersionDate "2022.10.05"]
[SourceQuality "1"]

1. d4 Nf6 2. c4 g6 3. Nc3 Bg7 4. e4 d6 5. f3 0-0 6. Be3 c5 7. dxc5 dxc5 8. Qxd8 Rxd8 9. Bxc5 Nc6 10. Nge2 Nd7 11. Ba3 Nde5 12. Nf4 e6 13. Rd1 Rxd1+ 14. Nxd1 b6 15. Kf2 g5 16. Nh5 Bh8 17. h4 Ba6 18. b3 Rd8 19. Be2 Rd2 20. Ke1 Rxa2 21. Bb2 Nxf3+ 22. gxf3 Bxb2 23. Nxb2 Rxb2 24. Nf6+ Kg7 25. hxg5 Nd4 26. Bd1 Nxb3 27. Rxh7+ Kg6 28. f4 Rb1 29. Rh6+ Kg7 30. Ne8+ Kg8 31. Nd6 Na5 32. g6 fxg6 33. Rxg6+ Kf8 34. Rxe6 Nxc4 35. Re8+ Kg7 36. Nf5+ Kf6 37. Rd8 Nb2 38. Ne3 Nxd1 39. Nxd1 Bb7 40. e5+ Ke7 41. Rd3 Be4 42. Rc3 Ke6 43. Kd2 Kf5 44. Rc4 a5 45. Rxe4 Kxe4 46. e6 Rb4 47. Nc3+ Kd4 48. e7 Rb2+ 49. Ke1 Kxc3 50. e8Q b5 51. f5 a4 52. f6 a3 53. Qe5+ Kc2 54. Qc5+ Kd3 55. Qxa3+ 1-0

[Event "Sarajevo Bosna op 49th"]
[Site "Sarajevo"]
[Date "2019.04.28"]
[Round "3"]
[White "Fejzic, Danis"]
[Black "Stanivukovic, Drago"]
[Result "1-0"]
[WhiteElo "1539"]
[BlackElo "1848"]
[PlyCount "131"]
[EventDate "2019.04.27"]
[EventType "swiss"]
[EventRounds "9"]
[EventCountry "BIH"]
[SourceTitle "CBM 190 Extra"]
[Source "ChessBase"]
[SourceDate "2019.07.15"]
[SourceVersion "1"]
[SourceVersionDate "2019.07.15"]
[SourceQuality "1"]

1. e4 c5 2. Nf3 d6 3. d4 cxd4 4. Nxd4 e5 5. Nf3 Nf6 6. Nc3 Bg4 7. Be2 Be7 8. 0-0 0-0 9. Be3 Nbd7 10. Qd2 Rc8 11. h3 Bh5 12. Bg5 h6 13. Be3 a6 14. a4 Nc5 15. Bxc5 Rxc5 16. Nh4 Bxe2 17. Qxe2 Qb6 18. Nf5 Re8 19. Rab1 Bf8 20. Rfd1 Rec8 21. Kh2 Qc6 22. f3 b5 23. axb5 axb5 24. Ne3 b4 25. Ncd5 Nxd5 26. Rxd5 Rxd5 27. Nxd5 Qc5 28. c3 b3 29. Ra1 f5 30. Ra3 Rb8 31. Nb4 fxe4 32. Na6 Qxa3 33. bxa3 b2 34. Qc4+ Kh8 35. Nxb8 b1Q 36. Qc8 e3 37. Qxf8+ Kh7 38. Nd7 e2 39. Nf6+ Kg6 40. h4 Qh1+ 41. Kxh1 e1Q+ 42. Kh2 Qxh4+ 43. Kg1 Qxf6 44. Qxf6+ Kxf6 45. a4 Ke6 46. a5 Kd7 47. Kf2 d5 48. Ke3 Kc6 49. Kd3 Kb5 50. c4+ dxc4+ 51. Kc3 Kxa5 52. Kxc4 Kb6 53. Kd5 Kc7 54. Kxe5 Kd7 55. Kf5 Ke7 56. Kg6 Kf8 57. g4 Kg8 58. f4 Kf8 59. f5 Kg8 60. f6 gxf6 61. Kxf6 Kh7 62. Kf7 Kh8 63. Kg6 Kg8 64. Kxh6 Kh8 65. g5 Kg8 66. Kg6 1-0

[Event "Sarajevo Bosna op 48th"]
[Site "Sarajevo"]
[Date "2018.05.06"]
[Round "3"]
[White "Stanivukovic, Drago"]
[Black "Maksimovic, Masa"]
[Result "1-0"]
[WhiteElo "1872"]
[BlackElo "2087"]
[PlyCount "105"]
[EventDate "2018.05.05"]
[EventType "swiss"]
[EventRounds "9"]
[EventCountry "BIH"]
[SourceTitle "CBM 184 Extra"]
[Source "ChessBase"]
[SourceDate "2018.06.28"]
[SourceVersion "1"]
[SourceVersionDate "2018.06.28"]
[SourceQuality "1"]

1. d4 Nf6 2. c4 c5 3. d5 b5 4. cxb5 a6 5. bxa6 g6 6. a7 Rxa7 7. Nc3 Ba6 8. e4 Bxf1 9. Kxf1 d6 10. Be3 Rb7 11. b3 Bg7 12. Rc1 0-0 13. f3 Qa5 14. Nge2 Na6 15. Qd2 Rfb8 16. g4 Nd7 17. f4 Nb4 18. h4 Qa6 19. Kg2 c4 20. Rb1 cxb3 21. axb3 Qd3 22. Rhd1 Qc2 23. Bd4 Qxd2 24. Rxd2 Na6 25. Bxg7 Kxg7 26. Nd4 Rc8 27. Nc6 Ndb8 28. Nxb8 Rcxb8 29. Rdb2 Nb4 30. Kf3 Nd3 31. Rd2 Nc5 32. Rdb2 Nxb3 33. Ke3 f6 34. Ne2 Nc5 35. Rxb7 Rxb7 36. Rxb7 Nxb7 37. Nd4 Kf7 38. Ne6 Na5 39. Kd3 Nb3 40. Kc2 Na5 41. Kc3 Ke8 42. Kb4 Nb7 43. Kb5 Nd8 44. g5 Kd7 45. Nxd8 Kxd8 46. Kc6 fxg5 47. hxg5 Ke8 48. e5 dxe5 49. fxe5 Kd8 50. d6 exd6 51. exd6 Kc8 52. d7+ Kd8 53. Kd6 1-0

[Event "Sarajevo Bosna op 46th"]
[Site "Sarajevo"]
[Date "2016.06.02"]
[Round "8"]
[White "Kolaric, Spela"]
[Black "Stanivukovic, Drago"]
[Result "1/2-1/2"]
[WhiteElo "2116"]
[BlackElo "1890"]
[PlyCount "153"]
[EventDate "2016.05.28"]
[EventType "swiss"]
[EventRounds "9"]
[EventCountry "BIH"]
[SourceTitle "EXT 2019"]
[Source "ChessBase"]
[SourceDate "2018.10.10"]
[SourceVersion "1"]
[SourceVersionDate "2018.10.10"]
[SourceQuality "1"]

1. d4 g6 2. c4 Bg7 3. g3 c5 4. d5 d6 5. Nc3 Nd7 6. Nf3 Ngf6 7. Bg2 Ng4 8. 0-0 0-0 9. e4 Nge5 10. Nxe5 Nxe5 11. Qc2 f5 12. f4 Nf7 13. Kh1 Re8 14. Be3 e6 15. dxe6 Bxe6 16. Rad1 Qa5 17. exf5 Bxf5 18. Qd2 Bxc3 19. bxc3 Qa6 20. Bd5 Be4+ 21. Kg1 Bxd5 22. cxd5 Re4 23. f5 Ne5 24. fxg6 hxg6 25. Qf2 Qa5 26. Bh6 Qc7 27. Qf6 Kh7 28. Bf4 Re8 29. Rd2 Qe7 30. Bxe5 Rxe5 31. Qf7+ Kh6 32. Qxe7 R8xe7 33. Rf6 Rd7 34. Re6 Rf5 35. Kg2 b5 36. Re8 Rff7 37. Rb2 a6 38. Ra8 Ra7 39. Rd8 Rfd7 40. Rc8 Kg7 41. Rc6 Ra8 42. a3 Kf6 43. Re2 Kf7 44. Re6 a5 45. Rb6 b4 46. cxb4 cxb4 47. axb4 a4 48. Re2 a3 49. Ra2 Kf6 50. Rb5 Rda7 51. Kf3 Ke5 52. Ke3 Ra4 53. Kd3 Rc8 54. Re2+ Kf5 55. Ra2 Rc1 56. Ra5 Rxb4 57. R2xa3 Ke5 58. Kd2 Rh1 59. Kc3 Re4 60. Ra2 Rd1 61. Rf2 g5 62. Rf8 Rc1+ 63. Kd2 Rec4 64. Ra2 Rh1 65. Rf2 Kd4 66. Ke2 Kxd5 67. Ra5+ Ke4 68. Kd2 Rhc1 69. Ra2 d5 70. h4 gxh4 71. Rf4+ Ke5 72. Rxh4 Rxh4 73. gxh4 Rh1 74. Ra4 d4 75. Ra8 Rxh4 76. Re8+ Kd5 77. Rd8+ 1/2-1/2

[Event "Sarajevo Bosna op 46th"]
[Site "Sarajevo"]
[Date "2016.05.31"]
[Round "6"]
[White "Schettler, Juergen"]
[Black "Stanivukovic, Drago"]
[Result "1-0"]
[WhiteElo "2139"]
[BlackElo "1890"]
[PlyCount "105"]
[EventDate "2016.05.28"]
[EventType "swiss"]
[EventRounds "9"]
[EventCountry "BIH"]
[SourceTitle "EXT 2019"]
[Source "ChessBase"]
[SourceDate "2018.10.10"]
[SourceVersion "1"]
[SourceVersionDate "2018.10.10"]
[SourceQuality "1"]

1. Nf3 g6 2. c4 Bg7 3. Nc3 d6 4. g3 c5 5. Bg2 Nc6 6. d3 Nf6 7. 0-0 0-0 8. a3 e5 9. Rb1 a5 10. Bg5 h6 11. Bxf6 Qxf6 12. Nd5 Qd8 13. Ne1 Be6 14. Nc2 Bxd5 15. Bxd5 Rb8 16. b4 axb4 17. axb4 Ne7 18. Bg2 b6 19. Ne3 f5 20. Qc2 f4 21. Nd5 Nf5 22. gxf4 exf4 23. bxc5 dxc5 24. e3 f3 25. Bxf3 Nh4 26. Bg2 Rf3 27. Bxf3 Qg5+ 28. Kh1 Nxf3 29. Rg1 Qh5 30. Rg2 g5 31. d4 cxd4 32. exd4 Re8 33. Qf5 Bxd4 34. Nf4 Qf7 35. Qxf7+ Kxf7 36. Nd5 Re2 37. h3 Nh4 38. Nxb6 Nxg2 39. Kxg2 Rxf2+ 40. Kg3 Rc2 41. Kf3 Rh2 42. Ke4 Bxb6 43. Rxb6 Rxh3 44. Ke5 Kg7 45. c5 Rc3 46. c6 h5 47. Kd6 Rd3+ 48. Ke6 Kg6 49. c7 Rc3 50. Kd5+ Kf5 51. Rc6 Rxc6 52. Kxc6 g4 53. c8Q+ 1-0

[Event "Sarajevo Bosna op 46th"]
[Site "Sarajevo"]
[Date "2016.05.29"]
[Round "2"]
[White "Fejzic, Danis"]
[Black "Stanivukovic, Drago"]
[Result "0-1"]
[WhiteElo "1373"]
[BlackElo "1890"]
[PlyCount "94"]
[EventDate "2016.05.28"]
[EventType "swiss"]
[EventRounds "9"]
[EventCountry "BIH"]
[SourceTitle "EXT 2019"]
[Source "ChessBase"]
[SourceDate "2018.10.10"]
[SourceVersion "1"]
[SourceVersionDate "2018.10.10"]
[SourceQuality "1"]

1. e4 e5 2. Nf3 Nc6 3. d4 exd4 4. Bc4 Na5 5. Qxd4 Nxc4 6. Qxc4 h6 7. 0-0 d6 8. Nc3 c6 9. Bf4 Be6 10. Qd3 Qb6 11. Rab1 Rd8 12. Rfd1 Nf6 13. Be3 Qc7 14. e5 Ng4 15. exd6 Bxd6 16. Kh1 0-0 17. Qe2 Nxe3 18. Qxe3 b6 19. a3 Bf4 20. Qe2 Bg4 21. h3 Rfe8 22. Rxd8 Qxd8 23. Rd1 Qc8 24. Qd3 Bf5 25. Qd4 Bb8 26. Qd2 Bxh3 27. g3 Bg4 28. Qd3 Qe6 29. Rf1 c5 30. Nh4 g5 31. Ng2 Qc6 32. Qd5 Bf3 33. Qxc6 Bxc6 34. Kh2 Be5 35. Ne3 Bxc3 36. bxc3 Be4 37. Ng4 Kg7 38. Re1 f5 39. f3 fxg4 40. fxe4 Rd8 41. Re2 Kf6 42. Kg2 Rd1 43. e5+ Ke6 44. c4 Ra1 45. Re3 Ra2 46. Rc3 Kxe5 47. Kf2 Kd4 0-1

[Event "Sarajevo Bosna op 46th"]
[Site "Sarajevo"]
[Date "2016.05.28"]
[Round "1"]
[White "Stanivukovic, Drago"]
[Black "Burovic, Rijad"]
[Result "0-1"]
[WhiteElo "1890"]
[BlackElo "2347"]
[PlyCount "82"]
[EventDate "2016.05.28"]
[EventType "swiss"]
[EventRounds "9"]
[EventCountry "BIH"]
[SourceTitle "EXT 2019"]
[Source "ChessBase"]
[SourceDate "2018.10.10"]
[SourceVersion "1"]
[SourceVersionDate "2018.10.10"]
[SourceQuality "1"]

1. e4 e6 2. g3 d5 3. exd5 exd5 4. d4 Nf6 5. Bg2 Bg4 6. f3 Bf5 7. Ne2 Bd6 8. 0-0 0-0 9. Bf4 Re8 10. Bxd6 Qxd6 11. Nbc3 c6 12. Qd2 Na6 13. a3 Re7 14. Rf2 Rae8 15. g4 Bg6 16. Nf4 Bxc2 17. g5 Nd7 18. Nfxd5 cxd5 19. Qxc2 Nb6 20. f4 Nc7 21. Bf1 Nc4 22. Bxc4 dxc4 23. Rd1 Re1+ 24. Kg2 Nd5 25. Rxe1 Rxe1 26. Qd2 Re3 27. Ne2 Qe6 28. Ng3 h6 29. gxh6 Qxh6 30. Ne2 Qh3+ 31. Kh1 Rd3 32. Qe1 Qe3 33. Qg1 Qe4+ 34. Rg2 Ne3 35. Nc3 Qxg2+ 36. Qxg2 Nxg2 37. Kxg2 Rxd4 38. Kf3 Rd2 39. Ke3 Rxb2 40. Kd4 b5 41. Kc5 a6 0-1

[Event "AUT-chT2O 1415"]
[Site "Austria"]
[Date "2015.03.08"]
[Round "11.2"]
[White "Ganauser, Eduard"]
[Black "Stanivukovic, Drago"]
[Result "0-1"]
[WhiteElo "2015"]
[BlackElo "1951"]
[PlyCount "99"]
[EventDate "2014.10.18"]
[EventType "team-tourn"]
[EventRounds "11"]
[EventCountry "AUT"]
[SourceTitle "EXT 2016"]
[Source "ChessBase"]
[SourceDate "2015.10.08"]
[SourceVersion "1"]
[SourceVersionDate "2015.10.08"]
[SourceQuality "1"]
[WhiteTeam "Mattersburg"]
[BlackTeam "Stockerau"]
[WhiteTeamCountry "AUT"]
[BlackTeamCountry "AUT"]

1. c4 e5 2. Nc3 f5 3. g3 Nf6 4. Bg2 c6 5. d4 e4 6. c5 d6 7. cxd6 Bxd6 8. Nh3 Be6 9. f3 exf3 10. Bxf3 h6 11. Nf4 Bf7 12. 0-0 g5 13. Nd3 Nbd7 14. e4 fxe4 15. Nxe4 Nxe4 16. Bxe4 0-0 17. b3 Nf6 18. Bg2 Nd5 19. Ne5 Bxe5 20. dxe5 Qb6+ 21. Kh1 Rae8 22. Qd3 Rxe5 23. Ba3 c5 24. Bb2 Re3 25. Qd2 Qb4 26. Qc1 Rd3 27. Ba3 Qc3 28. Bxc5 Rd8 29. Be4 Qxc1 30. Raxc1 Rd2 31. Rc2 Rxc2 32. Bxc2 Rc8 33. Rc1 Rxc5 34. Bh7+ Kxh7 35. Rxc5 Kg6 36. Kg1 Kf5 37. Rc8 a5 38. Rf8 Ke6 39. Rh8 h5 40. Rb8 b6 41. Kf2 g4 42. a3 Kd6 43. Rb7 Be6 44. Rh7 Nf6 45. Rh6 Ke7 46. b4 axb4 47. axb4 Bg8 48. Ke3 Kf7 49. Kf4 Kg7 50. Kg5 0-1

[Event "Wolfsberg op"]
[Site "Wolfsberg"]
[Date "2014.12.29"]
[Round "3"]
[White "Stanivukovic, Drago"]
[Black "Weber, Harald"]
[Result "1-0"]
[WhiteElo "1987"]
[BlackElo "1891"]
[PlyCount "53"]
[EventDate "2014.12.27"]
[EventType "swiss"]
[EventRounds "5"]
[EventCountry "AUT"]
[SourceTitle "CBM 164 Extra"]
[Source "ChessBase"]
[SourceDate "2015.03.02"]
[SourceVersion "1"]
[SourceVersionDate "2015.03.02"]
[SourceQuality "1"]

1. d4 d5 2. c4 e6 3. Nc3 Nf6 4. Bg5 Be7 5. e3 c6 6. Nf3 Ne4 7. Bxe7 Qxe7 8. Nxe4 dxe4 9. Nd2 f5 10. c5 b5 11. a4 Ba6 12. axb5 Bxb5 13. Bxb5 cxb5 14. f3 0-0 15. 0-0 exf3 16. Qxf3 Nd7 17. Qb7 Rfb8 18. Qc6 a5 19. Rae1 Rc8 20. Qxb5 Rab8 21. Qxa5 Rxb2 22. Nc4 Rc2 23. Qa4 Rc3 24. Qb4 Rd3 25. Nd6 Rb8 26. Qc4 Rbb3 27. Nxf5 1-0

[Event "Vienna Husek op-A"]
[Site "Vienna"]
[Date "2012.08.16"]
[Round "4"]
[White "Schuh, Manuel"]
[Black "Stanivukovic, Drago"]
[Result "0-1"]
[WhiteElo "1871"]
[BlackElo "2026"]
[PlyCount "92"]
[EventDate "2012.08.13"]
[EventType "swiss"]
[EventRounds "7"]
[EventCountry "AUT"]
[SourceTitle "EXT 2014"]
[Source "ChessBase"]
[SourceDate "2013.11.20"]
[SourceVersion "1"]
[SourceVersionDate "2013.11.20"]
[SourceQuality "1"]

1. d4 d6 2. c4 Nf6 3. Nf3 Bf5 4. Nc3 h6 5. g3 c6 6. Bg2 Na6 7. a3 g5 8. Nd2 Qd7 9. h3 Bg7 10. e4 Bg6 11. Nb3 Rd8 12. Be3 0-0 13. Qd2 b5 14. cxb5 cxb5 15. 0-0 Rc8 16. Rfc1 Rxc3 17. bxc3 Nxe4 18. Qe2 d5 19. Nd2 f5 20. Nxe4 dxe4 21. a4 Nc7 22. axb5 f4 23. Qa2+ Bf7 24. Qxa7 fxe3 25. fxe3 Qd6 26. b6 Nd5 27. b7 Qxg3 28. Rcb1 Nxe3 29. Rb2 Nxg2 30. b8Q Nf4+ 31. Kh1 Qxh3+ 32. Rh2 Qf3+ 33. Kg1 Qxc3 34. Qb2 Qg3+ 35. Rg2 Qe3+ 36. Kh1 Bh5 37. Qaa2+ Kh7 38. Qd2 Qh3+ 39. Kg1 Nxg2 40. Qa3 Bf3 41. Qxe7 Qg3 42. Qf2 Qg4 43. Kh2 Qh5+ 44. Kg1 Nf4 45. Kf1 Qh3+ 46. Ke1 Nd3+ 0-1

[Event "Vienna Husek op-A"]
[Site "Vienna"]
[Date "2012.08.13"]
[Round "1"]
[White "Stanivukovic, Drago"]
[Black "Schwabeneder, Florian"]
[Result "0-1"]
[WhiteElo "2026"]
[BlackElo "2266"]
[PlyCount "66"]
[EventDate "2012.08.13"]
[EventType "swiss"]
[EventRounds "7"]
[EventCountry "AUT"]
[SourceTitle "EXT 2014"]
[Source "ChessBase"]
[SourceDate "2013.11.20"]
[SourceVersion "1"]
[SourceVersionDate "2013.11.20"]
[SourceQuality "1"]

1. e4 c5 2. Nf3 Nf6 3. Nc3 d6 4. h3 Nc6 5. Bb5 Bd7 6. 0-0 e6 7. d3 Be7 8. Bg5 Qc7 9. Qd2 h6 10. Bf4 0-0-0 11. a4 g5 12. Bh2 a6 13. Bxc6 Bxc6 14. Ne2 g4 15. hxg4 Nxg4 16. Qf4 Nxh2 17. Kxh2 Bg5 18. Qg3 Rdg8 19. Nfg1 f5 20. f4 Bf6 21. Qe3 Bxb2 22. Ra2 Qg7 23. g3 Bd4 24. Qf3 h5 25. Nxd4 cxd4 26. Nh3 fxe4 27. dxe4 Bxe4 28. Qf2 h4 29. g4 Qxg4 30. Ng5 Bd5 31. Ra3 e5 32. c4 Bc6 33. Nf7 Qg3+ 0-1

[Event "Vienna Tschaturanga op"]
[Site "Vienna"]
[Date "2012.05.09"]
[Round "3"]
[White "Wallner, Joachim"]
[Black "Stanivukovic, Drago"]
[Result "1-0"]
[WhiteElo "2331"]
[BlackElo "2042"]
[PlyCount "91"]
[EventDate "2012.05.07"]
[EventType "swiss"]
[EventRounds "7"]
[EventCountry "AUT"]
[SourceTitle "CBM 148 Extra"]
[Source "ChessBase"]
[SourceDate "2012.06.22"]
[SourceVersion "1"]
[SourceVersionDate "2012.06.22"]
[SourceQuality "1"]

1. e4 Nc6 2. Nf3 g6 3. d4 d5 4. exd5 Qxd5 5. Nc3 Qd8 6. d5 Nb8 7. Bf4 Bg7 8. Qd2 Nf6 9. 0-0-0 0-0 10. Ng5 a6 11. h4 Nh5 12. Be3 h6 13. Nh3 Bg4 14. f3 Bxh3 15. Rxh3 Kh7 16. g4 Bxc3 17. Qxc3 Nf6 18. h5 g5 19. f4 Rg8 20. fxg5 hxg5 21. Qe5 Nbd7 22. Qf5+ Kh6 23. Bd3 Rc8 24. Bd4 c5 25. dxc6 Rxc6 26. Re3 e6 27. Qf3 Qe7 28. Rf1 e5 29. Rfe1 Re6 30. Bc3 e4 31. Qf5 Re8 32. Bc4 Rc6 33. Bb3 Rc5 34. Qf1 a5 35. a4 Ne5 36. Bd4 Rc7 37. Rxe4 Nxe4 38. Rxe4 Nd3+ 39. Kb1 Nf4 40. Rxe7 Rcxe7 41. Qb5 Re1+ 42. Ka2 R8e4 43. Bc3 R1e3 44. Qf5 Nxh5 45. gxh5 Kxh5 46. Bf6 1-0

[Event "Vienna Tschaturanga op"]
[Site "Vienna"]
[Date "2011.05.22"]
[Round "9"]
[White "Weinzettl, Ernst"]
[Black "Stanivukovic, Drago"]
[Result "1-0"]
[WhiteElo "2335"]
[BlackElo "2036"]
[PlyCount "201"]
[EventDate "2011.05.14"]
[EventType "swiss"]
[EventRounds "9"]
[EventCountry "AUT"]
[SourceTitle "CBM 142 Extra"]
[Source "ChessBase"]
[SourceDate "2011.06.27"]
[SourceVersion "1"]
[SourceVersionDate "2011.06.27"]
[SourceQuality "1"]

1. e4 d6 2. d4 Nf6 3. Nc3 g6 4. g3 Bg7 5. Bg2 c6 6. a4 a5 7. Nge2 0-0 8. 0-0 Na6 9. h3 e5 10. Be3 Nb4 11. Qd2 Be6 12. Rad1 Qc8 13. Kh2 Bc4 14. b3 Be6 15. f4 exd4 16. Nxd4 d5 17. f5 c5 18. fxe6 cxd4 19. Bxd4 fxe6 20. exd5 exd5 21. Rf2 Ra6 22. Rdf1 Kh8 23. Nxd5 Nbxd5 24. Bxd5 Qd7 25. c4 Qe7 26. Qc3 h5 27. Qe3 Qxe3 28. Bxe3 Nxd5 29. Rxf8+ Bxf8 30. Rxf8+ Kg7 31. Bc5 Rc6 32. Ba3 Ne3 33. Re8 Nc2 34. Bb2+ Kf7 35. Re2 Nb4 36. Rd2 Ke6 37. Bc3 Rb6 38. c5 Rc6 39. Bxb4 axb4 40. Rd4 Rxc5 41. Rxb4 Rc2+ 42. Kg1 Rc7 43. Rb5 Rg7 44. Kf2 Kd6 45. a5 Kc6 46. Rb6+ Kc5 47. h4 Kd4 48. b4 Rf7+ 49. Ke2 Re7+ 50. Kd2 Rg7 51. Ke2 Re7+ 52. Kf2 Rf7+ 53. Kg2 Rg7 54. g4 Ke4 55. Kg3 Ke3 56. b5 Ke4 57. a6 bxa6 58. bxa6 Ke5 59. Rb7 Rg8 60. a7 Ra8 61. g5 Ke6 62. Rg7 Kf5 63. Kf3 Rc8 64. Rf7+ Ke5 65. Ke3 Rc3+ 66. Kd2 Ra3 67. Kc2 Kd6 68. Kb2 Ra6 69. Kb3 Kc5 70. Rc7+ Kb6 71. Rg7 Kc5 72. Rxg6 Rxa7 73. Rh6 Kd5 74. Rxh5 Ke5 75. Rh6 Rf7 76. Kc4 Rf3 77. Rh8 Rg3 78. Kc5 Kf5 79. Kd6 Re3 80. Rf8+ Kg6 81. Rf6+ Kg7 82. h5 Rg3 83. Rf5 Rd3+ 84. Ke6 Re3+ 85. Re5 Rh3 86. Kf5 Rxh5 87. Re7+ Kf8 88. Ra7 Rh1 89. Kg6 Rg1 90. Ra8+ Ke7 91. Rg8 Rg2 92. Kh7 Rh2+ 93. Kg7 Rh1 94. g6 Rg1 95. Rh8 Rg2 96. Rh3 Ke6 97. Kh7 Kf6 98. Rf3+ Ke7 99. g7 Rh2+ 100. Kg8 Re2 101. Rh3 1-0